| 000 | 02466cam a22005174i 4500 | ||
|---|---|---|---|
| 003 | PE-LiUPU | ||
| 005 | 20250731172744.0 | ||
| 008 | 150617s1985 ag rb 000 0 spa d | ||
| 020 | _a0311036708 | ||
| 035 | _a(Sirsi) i9780311036707 | ||
| 040 |
_aPE-LiUPU _bspa _cPE-LiUPU _erda |
||
| 049 | _aPRUA | ||
| 082 | 0 | 4 |
_a220.6 _bV61 _221 |
| 100 | 1 |
_aViertel, Weldon E., _eautor. |
|
| 245 | 1 | 3 |
_aLa Biblia y su Interpretación / _cWeldon E. Viertel. |
| 264 | 1 |
_aBuenos Aires : _bCasa Bautista de Publicaciones, _c1985. |
|
| 300 |
_a216 páginas ; _c26 centímetros. |
||
| 336 |
_atext _2rdacontent |
||
| 337 |
_aunmediated _2rdamedia |
||
| 338 |
_avolume _2rdacarrier |
||
| 500 | _aTexto multinivel diseñado para orientar el estudio propio. | ||
| 504 | _aIncluye bibliografía. | ||
| 505 | 0 | _aInformación general acerca de la Biblia -- Biblia y revelación -- Inspiración bíblica y autoridad -- Origen de la literatura del antiguo testamento -- Canonización del antiguo testamento -- Origen de la literatura del nuevo testamento -- Canonización del nuevo testamento -- Transmisión de la Biblia -- Interpretación en la Iglesia primitiva -- Interpretación en los períodos de la reforma y moderno -- Principios de interpretación y tipos literarios -- Estudio y aplicación de la Biblia. | |
| 526 | _aSEG42 | ||
| 526 | _aSEG41 | ||
| 526 | _aSEG40 | ||
| 526 | _aSEG39 | ||
| 526 | _aP94 | ||
| 526 | _aP87 | ||
| 526 | _aP86 | ||
| 526 | _aP85 | ||
| 526 | _aP77 | ||
| 526 | _aP76 | ||
| 526 | _aP35 | ||
| 650 | 0 | 4 |
_aInterpretación de la biblia. _93234 |
| 910 |
_ajck _bjvq _cjck _d20150616 |
||
| 942 |
_2ddc _cBOOK |
||
| 949 |
_a220.6 V61 _wDEWEY _c1 _i27825 _lCCODEBUL1 _mBUL _r0 _sY _tBOOK _u2015-4-21 _xTEOLOGIA _PP35 _0COMPRA _o.STAFF. Colección Teología |
||
| 949 |
_a220.6 V61 _wDEWEY _c2 _i27824 _d2015-8-18 _e2015-8-17 _lCCODEBUL1 _mBUL _n1 _r0 _sY _tBOOK _u2015-4-21 _xTEOLOGIA _PP35 _0COMPRA _o.STAFF. Colección Teología |
||
| 994 |
_aC0 _bPEPRU |
||
| 596 | _a1 | ||
| 999 |
_a220.6 V61 _wDEWEY _c2383 _i27825 _d2383 _e2018-4-6 _f2019-12-9 _g4 _lDISCARD _mBUL _n2 _q1 _r0 _sY _tBOOK _u2015-4-21 _xTEOLOGIA _PP35 _0COMPRA _o.STAFF. Colección general |
||
| 999 |
_a220.6 V61 _wDEWEY _c2 _i27824 _d2018-4-26 _e2018-4-15 _f2021-11-11 _g5 _lCCODEBUL1 _mBUL _n3 _p15.00 _q1 _r0 _sY _tBOOK _u2015-4-21 _xTEOLOGIA _PP35 _0COMPRA _o.STAFF. Colección Teología |
||
| 980 |
_81 _gALBERTO SANCHEZ Responsable de Automatización |
||